eGovernment a podnikateľský sektor bakalárska práca

Gespeichert in:
Bibliographische Detailangaben
1. Verfasser: Geletková, Radovana
Körperschaft: Obchodná fakulta EU. Katedra medzinárodného obchodu
Weitere Verfasser: Škvarčeková, Oľga
Format: Buch
Sprache:Slowakisch
Veröffentlicht: Bratislava 2009
Tags: Tag hinzufügen
Keine Tags, Fügen Sie das erste Tag hinzu!

MARC

LEADER 00000nam$a2200000$$$4500
001 0103413
005 20240318133625.1
041 0 |a slo 
044 |a SK 
245 1 0 |a eGovernment a podnikateľský sektor  |b bakalárska práca  |c Radovana Geletková ; škol. Oľga Škvarčeková 
264 1 |a Bratislava  |c 2009 
300 |a 51 s. 
100 1 |a Geletková, Radovana 
700 1 |a Škvarčeková, Oľga 
710 2 |a Obchodná fakulta EU. Katedra medzinárodného obchodu